004190000a22001570004500020001500000060000800015082001600023100001700039245001900056260003400075260000900109300000700118490005000125490005600175650003000231 a7131 22692 a100 a581.012 HEY aHeywood, V H aPlant Taxonomy aEnglish language book society c1967 a60 aInstitute of biologys studies in biology No.5 aNo.5cInstitute of biologys studies in biology No.5 aTaxonomy/ Plant Taxonomy/